European countries in estonian. - Statistics

General Stats
  • This quiz has been taken 13 times
  • The average score is 24 of 46
Answer Stats
Answer % Correct
Eesti
88%
Norra
75%
Austria
63%
Hispaania
63%
Island
63%
Itaalia
63%
Makedoonia
63%
Malta
63%
Poola
63%
Portugal
63%
Prantsusmaa
63%
Rootsi
63%
Saksamaa
63%
Soome
63%
Suurbritannia
63%
Šveits
63%
Taani
63%
Ukraina
63%
Bosnia ja hertsegoviina
50%
Bulgaaria
50%
Holland
50%
Horvaatia
50%
Iirimaa
50%
Läti
50%
Leedu
50%
Liechtenstein
50%
Monaco
50%
Rumeenia
50%
San Marino
50%
Serbia
50%
Sloveenia
50%
Tšehhi
50%
Ungari
50%
Valgevene
50%
Vatikan
50%
Venemaa
50%
Albaania
38%
Andorra
38%
Kreeka
38%
Küpros
38%
Luksemburg
38%
Moldova
38%
Montenegro
38%
Slovakia
38%
Kosovo
25%
Belgium
13%
No matching quizzes found
Score Distribution
Percent of People with Each Score
Percentile by Number Answered
Your Score History
You have not taken this quiz